| 000 | 00500nam a2200169 i 4500 | ||
|---|---|---|---|
| 001 | 50348 | ||
| 003 | ES-MaACL | ||
| 005 | 20230906162150.0 | ||
| 007 | t| | ||
| 008 | 030804s1957 sp ||||1| spa d | ||
| 100 | 1 |
_aCuevas, José de las. _942099 |
|
| 245 | 1 | 3 |
_aLa bodega entrañable... / _cJose de las Cuevas y Jesús de las Cuevas. |
| 260 |
_aJerez : _bJerez Industrial, _c1957. |
||
| 300 |
_a256 p. ; _c19 cm. |
||
| 700 | 1 |
_aCuevas, Jesús de las. _942097 |
|
| 852 |
_aES-MaACL _jC-13864 _bR.41369 |
||
| 999 |
_c50348 _d50348 |
||